[Event "IECG TE.2003.P.01208 email"]
[Site "IECG email"]
[Date "2003.08.18"]
[Round "?"]
[White "Fels, Bernhard"]
[Black "Hutchison, John"]
[Result "1-0"]
[WhiteElo "2126"]
[BlackElo "950"]
[PlyCount "44"]
[EventDate "2003.08.18"]
[EventType "tourn (corr)"]
[EventRounds "8"]
[SourceTitle "Corr 2008"]
[Source "ChessBase"]
[SourceDate "2008.06.24"]
[SourceVersion "1"]
[SourceVersionDate "2008.06.24"]
[SourceQuality "1"]

1. e4 d5 2. exd5 Qxd5 3. Nc3 Qd6 4. d4 Nf6 5. Nf3 a6 6. Be3 Nc6 7. Qd2 Bg4 8. Ng5 e5 9. d5 Nb4 10. f3 Bf5 11. Nge4 Nxe4 12. fxe4 Bxe4 13. Nxe4 Qxd5 14. Rd1 Qxd2+ 15. Rxd2 Rd8 16. Bc4 Rxd2 17. Kxd2 Bd6 18. Rd1 0-0 19. Kc3 Rd8 20. Bg5 Rd7 21. Nc5 Nc6 22. Nxd7 h6 1-0

[Event "IECG TE.2003.P.01208 email"]
[Site "IECG email"]
[Date "2003.08.18"]
[Round "?"]
[White "Nava Baro, Enrique"]
[Black "Hutchison, John"]
[Result "1-0"]
[WhiteElo "2137"]
[BlackElo "950"]
[PlyCount "53"]
[EventDate "2003.08.18"]
[EventType "tourn (corr)"]
[EventRounds "8"]
[SourceTitle "Corr 2008"]
[Source "ChessBase"]
[SourceDate "2008.06.24"]
[SourceVersion "1"]
[SourceVersionDate "2008.06.24"]
[SourceQuality "1"]

1. e4 d5 2. exd5 Qxd5 3. Nc3 Qd6 4. d4 Nf6 5. Nf3 a6 6. Be3 Nc6 7. Qd2 Bg4 8. Ng5 Bf5 9. f3 e6 10. Nge4 Qd8 11. h4 Nxe4 12. fxe4 Bg4 13. Be2 Bxe2 14. Nxe2 Qd7 15. 0-0-0 0-0-0 16. Kb1 Bb4 17. c3 Be7 18. h5 g6 19. e5 Qd5 20. Nf4 Qe4+ 21. Qd3 Qxd3+ 22. Nxd3 g5 23. Rhf1 Rdf8 24. Rd2 f5 25. exf6 Rxf6 26. Rxf6 Bxf6 27. Rf2 1-0

[Event "IECG TE.2003.P.01202 email"]
[Site "IECG email"]
[Date "2003.08.18"]
[Round "?"]
[White "Tortosa, Horacio"]
[Black "Hutchison, John"]
[Result "1-0"]
[WhiteElo "1654"]
[BlackElo "930"]
[PlyCount "40"]
[EventDate "2003.08.18"]
[EventType "tourn (corr)"]
[EventRounds "12"]
[SourceTitle "Corr 2008"]
[Source "ChessBase"]
[SourceDate "2008.06.24"]
[SourceVersion "1"]
[SourceVersionDate "2008.06.24"]
[SourceQuality "1"]

1. e4 d5 2. exd5 Qxd5 3. Nc3 Qd6 4. h3 Nf6 5. d4 a6 6. Nf3 Be6 7. Bd3 Nc6 8. a3 0-0-0 9. Be3 Bd5 10. Nxd5 Nxd5 11. 0-0 Nxe3 12. fxe3 e6 13. Ng5 Qg3 14. Nxf7 Qxe3+ 15. Kh1 Bd6 16. Qe1 Qxe1 17. Raxe1 Nxd4 18. c3 Rhf8 19. Nxd8 Rxf1+ 20. Rxf1 Kxd8 1-0